| 000 | 00608cam a2200217 4500 | ||
|---|---|---|---|
| 999 |
_c99494 _d99494 |
||
| 008 | 090401t1999 xxu||||| |||| 00| 0 eng d | ||
| 020 | _a1854319809 | ||
| 035 | _a(Sirsi) u99855 | ||
| 041 | _aeng | ||
| 050 | _a346.4104344 | ||
| 100 | _aKenny, Phillip | ||
| 245 | _aLandlord and tenant series : the tenant`s rights of pre-emption. | ||
| 260 |
_aLondon _bBlackstone Press _c1999 |
||
| 300 | _axix, 161p. ; 24cm. | ||
| 650 | _aLANDLORD AND TENANT ACT 1987 PART I | ||
| 651 | _aUnited Kingdom 1973 | ||
| 690 | _aPROPERTY-LANDLORD AND TENANT | ||
| 942 | _n0 | ||
| 350 | _a24.95 | ||
| 948 | _c21/04/1999 | ||